000 01055nam a2200181Ia 4500
999 _c39810
_d39810
001 6415
003 GE_BSU
005 20190627210522.0
008 181216s1974|||| |||||||||||||| ||geo||
080 _a658.26(075.8) კ-91
245 _aსამრეწველო საწარმოთა ელექტრომომარაგების სისტემების ავტომატიზაცია : დამხმ. სახელმძღვ. /
_cგ.კუპრაძე ; რედ : ნ.ლორთქიფანიძე.
264 _aთბილისი :
_bგანათლება,
_c1974.
300 _a233 გვ .:
_bილ ;
_c22 სმ.
504 _aბიბლიოგრ.:გვ.230
653 _aსამრეწველო საწარმოთა ელექტრომომარაგების სისტემების ავტომატიზაცია
700 _aლორთქიფანიძე, ნ
_eრედაქტორი
_92974
942 _cBK
_2udc